| 000 | 00684nam a2200217Ia 4500 | ||
|---|---|---|---|
| 008 | 160404s9999 xx 000 0 und d | ||
| 020 | _a978-971-98-0192-4 | ||
| 050 | _aFIL HF 5635 | ||
| 050 | _b.A38 2014 | ||
| 100 | _aAduana, Nick L. | ||
| 245 | _aFundamentals of accounting : | ||
| 245 | _bsole proprietorship accounting for service and merchandising with introduction to manufacturing (procedural approach) / | ||
| 245 | _cNick L. Aduana. | ||
| 260 | _aQuezon City: | ||
| 260 | _bC&E Publishing, Inc. | ||
| 260 | _c2014 | ||
| 300 | _a512 pages : | ||
| 300 | _billustrations ; | ||
| 300 | _c26 cm. | ||
| 650 | _a1. Accounting. 2. Accounting -- Sole proprietorship. | ||
| 999 |
_c293190 _d293190 |
||